000 00672nam a2200289Ia 4500
005 20260324140858.0
008 008 260324s9999 xx 000 0 eng d
020 _a9781315242040
037 _aEBOOK
040 _aCRL
040 _beng
040 _cCRL
041 _2eng
041 _aeng
084 _qCRL
100 _aKerry McSweeney
_91206078
245 0 _aSupreme Attachments
245 0 _bStudies in Victorian Love Poetry
260 _bTaylor and Francis
260 _c1998
365 _a
365 _b145
856 _uhttp://www.taylorfrancis.com/books/9781315242040
942 _cEBOOK
999 _c1808595
_d1808595